Central Library OPAC University of Rajshahi

Statistical methods in research and production : (Record no. 66562)

MARC details
000 -LEADER
fixed length control field 01043nam a2200277 a 4500
001 - CONTROL NUMBER
control field 66562
003 - CONTROL NUMBER IDENTIFIER
rucl marc code BD-RjUL
005 - DATE AND TIME OF LATEST TRANSACTION
control field 20211209081545.0
008 - FIXED-LENGTH DATA ELEMENTS--GENERAL INFORMATION
fixed length control field 170318s1977 enka b 001 0 eng
020 ## - INTERNATIONAL STANDARD BOOK NUMBER
International Standard Book Number 0582030404 :
Terms of availability 14.50
035 ## - SYSTEM CONTROL NUMBER
System control number (BD-RjUL)66692
040 ## - CATALOGING SOURCE
Original cataloging agency DLC
Transcribing agency DLC
Modifying agency BD-RjUL
Language of cataloging eng
041 ## - LANGUAGE CODE
Language code of text/sound track or separate title eng
082 00 - DEWEY DECIMAL CLASSIFICATION NUMBER
Classification number 519.5
Edition number 23
Author mark and year STA 1977
100 1# - MAIN ENTRY--PERSONAL NAME
Personal name Davies, Owen L.,
9 (RLIN) 105186
245 10 - TITLE STATEMENT
Title Statistical methods in research and production :
Remainder of title with special reference to the chemical industry /
Statement of responsibility, etc. edited by Owen L. Davies and Peter L. Goldsmith.
250 ## - EDITION STATEMENT
Edition statement 4th rev. ed.
260 ## - PUBLICATION, DISTRIBUTION, ETC. (IMPRINT)
Place of publication, distribution, etc. London :
Name of publisher, distributor, etc. Published for Imperial Chemical Industries, ltd. by Longman Group,
Date of publication, distribution, etc. 1977
300 ## - PHYSICAL DESCRIPTION
Pagination xiii, 478 p. :
Illustrations ill. ;
Size 24 cm.
500 ## - GENERAL NOTE
General note Continued by the editor's The design and analysis of industrial experiments.
504 ## - BIBLIOGRAPHY, ETC. NOTE
Bibliography, etc Includes bibliographical references and index.
650 #0 - SUBJECT ADDED ENTRY--TOPICAL TERM
Topical term or geographic name as entry element Mathematical statistics.
9 (RLIN) 197024
Topical term or geographic name as entry element Industrial statistics.
9 (RLIN) 197025
700 1# - ADDED ENTRY--PERSONAL NAME
Personal name Goldsmith, Peter Lewis.
942 ## - ADDED ENTRY ELEMENTS (KOHA)
Source of classification or shelving scheme Dewey Decimal Classification
Koha item type Books
Holdings
Lost status Source of classification or shelving scheme Damaged status Not for loan Collection code Permanent Location Current Location Shelving location Date acquired Source of acquisition Total Checkouts Full call number Date last seen Copy number Koha item type
  Dewey Decimal Classification   Not For Loan Non-fiction Central Library, University of Rajshahi Central Library, University of Rajshahi Reading Room 30/09/1980 Heffer   519.5 STA 1977 18/03/2017 C-1 Books